Statistics for Characters Played by Multiple Actors

Click here to take the quiz!

General Stats

  • This quiz has been taken 30,772 times
  • The average score is 15 of 24

Answer Stats

ActorsCharacter% Correct
Adam West; Michael Keaton; Christian Bale; Ben AffleckBatman
97%
Sean Connery; Roger Moore; Pierce Brosnan; Daniel CraigJames Bond
96%
Tobey Maguire; Andrew Garfield; Tom HollandSpider-man
95%
Cesar Romero; Jack Nicholson; Mark Hamill, Heath LedgerThe Joker
92%
George Reeves; Christopher Reeve; Dean Cain; Henry CavillSuperman
89%
Basil Rathbone; Robert Downey Jr; Benedict CumberbatchSherlock Holmes
80%
Lou Ferrigno; Eric Bana; Edward Norton; Mark RuffaloThe Hulk
76%
Eartha Kitt; Michelle Pfeiffer; Halle Berry; Anne HathawayCatwoman
71%
James Earl Jones; David Prowse; Jake Lloyd; Hayden ChristensenAnakin Skywalker/
Darth Vader
70%
Leonard Nimoy; Zachary Quinto; Ethan PeckMr. Spock
67%
Gene Wilder; Johnny Depp; Timothée ChalametWilly Wonka
65%
Alec Guinness; Ewan McGregorObi Wan Kenobi
64%
William Shatner; Chris Pine; Paul WesleyJames T. Kirk
61%
George Burns; Charlton Heston; Alanis Morissette; Morgan FreemanGod
56%
Harrison Ford; River Phoenix; Sean Patrick FlaneryIndiana Jones
54%
Patrick Stewart; James McAvoyCharles Xavier
51%
Frank Sinatra; George ClooneyDanny Ocean
51%
Brian Cox; Anthony Hopkins; Mads Mikkelsen; Gaspard UllielHannibal Lecter
48%
Errol Flynn; Kevin Costner; Cary Elwes; Russell CroweRobin Hood
45%
Judy Garland; Diana Ross; Fairuza Balk; Zooey DeschanelDorothy Gale
44%
Richard Harris; Michael Gambon; Jude LawAlbus Dumbledore
37%
Max von Sydow; Willem Dafoe; Jim CaviezelJesus
37%
Linda Hamilton; Lena Headey; Emilia ClarkeSarah Connor
30%
Laurence Olivier; Richard Burton; Mel Gibson; Kenneth BranaghHamlet
29%

Score Distribution

Percentile by Number Answered

Percent of People with Each Score

Your Score History

You have not taken this quiz